История и современные проблемы электроэнергетики и высоковольтной электрофизики: учебное пособие для вузов

Detalles Bibliográficos
Autor principal: Ушаков В. Я. Василий Яковлевич
Autor Corporativo: Национальный исследовательский Томский политехнический университет (ТПУ)
Sumario:В пособии представлена история возникновения и развития науки об электричестве и практике его использования для нужд человека. Большое внимание уделено основным проблемам, связанным с энергетикой: исчерпаемость запасов невозобновляемых энергетических ресурсов, трудности освоения возобновляемых энергоресурсов, воздействие электроэнергетики на биосферу. Рассмотрены пути решения этих проблем. Предназначено для студентов, обучающихся по направлениям 140200 «Электроэнергетика» и 140600 «Электротехника, электромеханика и электротехнология». Может быть полезно аспирантам, научным работникам и специалистам в области энергетики и смежных с ней областях.
Lenguaje:ruso
Publicado: Томск, Изд-во ТПУ, 2010
Materias:
Formato: Libro
KOHA link:https://koha.lib.tpu.ru/cgi-bin/koha/opac-detail.pl?biblionumber=195001

MARC

LEADER 00000nam0a2200000 4500
001 195001
005 20240119102659.0
010 |a 9785982986641 
035 |a (RuTPU)RU\TPU\book\212682 
090 |a 195001 
100 |a 20110428d2010 m y0rusy50 ca 
101 0 |a rus 
102 |a RU 
105 |a a j 001zy 
200 1 |a История и современные проблемы электроэнергетики и высоковольтной электрофизики  |e учебное пособие для вузов  |f В. Я. Ушаков  |g Национальный исследовательский Томский политехнический университет (ТПУ) 
210 |a Томск  |c Изд-во ТПУ  |d 2010 
215 |a 219 с.  |c ил. 
320 |a Библиогр.: с. 212-216. 
330 |a В пособии представлена история возникновения и развития науки об электричестве и практике его использования для нужд человека. Большое внимание уделено основным проблемам, связанным с энергетикой: исчерпаемость запасов невозобновляемых энергетических ресурсов, трудности освоения возобновляемых энергоресурсов, воздействие электроэнергетики на биосферу. Рассмотрены пути решения этих проблем. Предназначено для студентов, обучающихся по направлениям 140200 «Электроэнергетика» и 140600 «Электротехника, электромеханика и электротехнология». Может быть полезно аспирантам, научным работникам и специалистам в области энергетики и смежных с ней областях. 
606 1 |a Электроэнергетика  |2 stltpush  |3 (RuTPU)RU\TPU\subj\21036  |9 46086 
610 1 |a энергетика 
610 1 |a понятия 
610 1 |a определения 
610 1 |a цивилизация 
610 1 |a технический прогресс 
610 1 |a окружающая среда 
610 1 |a биосфера 
610 1 |a электротехника 
610 1 |a история 
610 1 |a электрификация 
610 1 |a СССР 
610 1 |a энергетические ресурсы 
610 1 |a электрическая энергия 
610 1 |a тепловая энергия 
610 1 |a энергопотребление 
610 1 |a Россия 
610 1 |a возобновляемые источники энергии 
610 1 |a получение 
610 1 |a нетрадиционные способы 
610 1 |a термоядерная энергетика 
610 1 |a магнитогидродинамические преобразования 
610 1 |a радиоизотопные источники 
610 1 |a термоэмиссионные преобразователи 
610 1 |a термоэлектрические генераторы 
610 1 |a электрохимические генераторы 
610 1 |a энергосбережение 
610 1 |a управление 
610 1 |a стимулирование 
610 1 |a мощная импульсная энергетика 
610 1 |a высоковольтная импульсная техника 
610 1 |a высокое напряжение 
610 1 |a импульсы 
610 1 |a промышленные технологии 
610 1 |a учебные пособия 
610 1 |a труды учёных ТПУ 
675 |a 621.31(075.8)  |v 3 
700 1 |a Ушаков  |b В. Я.  |c специалист в области электроэнергетики  |c профессор Томского политехнического университета, доктор технических наук  |f 1939-  |g Василий Яковлевич  |3 (RuTPU)RU\TPU\pers\10509  |9 2236 
712 0 2 |a Национальный исследовательский Томский политехнический университет (ТПУ)  |c (2009- )  |3 (RuTPU)RU\TPU\col\15902 
801 1 |a RU  |b 63413507  |c 20110428 
801 2 |a RU  |b 63413507  |c 20120620  |g RCR 
942 |c BK